1464 1229 1610 1843 1472 1199 1421 1648 1251 1144 1925 1871 1264 1550 1209 1550 1764 1785 1723 1243 1307 1828 1910 1109 1757 1610 1900 1360 1954 1787 1429 1836 1116 1567 1248 1033 1253 1282 1336 1325 1646 1773 1415 1710 1043 1532 1834 1666 1989 1789 1043 1792 1683 1460 1466 1111 1720 1658 1016 1504 1864 1533 1404 1647 1432 1630 1257 1773 1496 1960 1018 1073 1955 1874 1098 1031 1414 1659 1765 1212 1741 1673 1263 1940 1679 1721 1970 1436 1526 1895 1688 1586 1492 1921 1550 1453 1975 1290 1571 BCNSPRNW ULIB Ver.6.0+V

เปลี่ยนเป็นภาษาไทย

Change to English
 แสดงรายละเอียดบรรณานุกรม
  กลับหน้าหลัก

Brief Record : Get Marc (ISO 2709) : E-mail record : QR code < ปิดหน้าต่าง
LEADER : 00000nam 2200000uu 4500
001    13399125243
003     ULIB
008    161123s2554||||th 000 0 tha d
020    ^a9786162351235
050  4 ^aDS586^bพ334
245 00 ^aพระธรรมเทศนามงคลวิเสกกถา :^bพระราชพิธีเฉลิมพระชนมพรรษาพระบาทสมเด็จพระปรมินทรมหาภูมิพลอดุลยเดช พุทธศักราช 2489-2554 /^cทรงสวรรค์ นิลกำแหง, บรรณาธิการ
250    ^aพิมพ์ครั้งที่ 1
260    ^aกรุงเทพฯ :^bสำนักงานเสริมสร้างเอกลักษณ์ของชาติ,^c2554[2011]
300    ^a579 หน้า :^bภาพประกอบ (สีบางภาพ) ;^c29 ซม. +^e1 ซีดีรอม
600 07 ^aภูมิพลอดุลยเดช,^cพระบาทสมเด็จพระปรมินทรมหา,^d2470
650  2 ^aBuddhist preaching^zThailand
650  2 ^aDharma (Buddhism)
650  7 ^aพุทธศาสนากับพระมหากษัตริย์
650  7 ^aธรรมเทศนา^zไทย
650  7 ^aธรรมะ
700 0  ^aทรงสวรรค์ นิลกำแหง,^eบรรณาธิการ
710 2  ^aสำนักงานเสริมสร้างเอกลักษณ์ของชาติ
945    ^p0^l0^i001555
999    ^aวรรณษา ชูชัยมงคล
รายการนี้ยังไม่มีแท็ก
คุณยังไม่ได้ล็อกอิน คุณสามารถมีกิจกรรมร่วมกับเว็บไซต์ได้ แต่ต้องล็อกอินก่อน ::
  ล็อกอิน

รายการสื่อสารสนเทศ

ลำดับที่ ประเภท เลขเรียก/บาร์โค้ด สถานที่ สถานะ
1. การศึกษาทั่วไป
การศึกษาทั่วไป
DS586 พ334 ฉ.1 
  Barcode: 001555
ห้องสมุดวิทยาเขตสวรรค์ประชารักษ์
►หนังสือทั่วไป
บนชั้น

รายการใกล้เคียง
    หัวเรื่อง [Dharma (Buddhism)]
    หัวเรื่อง [พุทธศาสนากับพระมหากษัตริย์]
    หัวเรื่อง [ธรรมะ]

BibComment


ยังไม่เคยถูกคอมเมนท์

คอมเมนท์ทรัพยากรรายการนี้
  คอมเมนท์: พระธรรมเทศนามงคล..


 Copyright 2026. Bcnsprnw @Library